| 000 | 00918nam a22002297a 4500 | ||
|---|---|---|---|
| 005 | 2009111306196.0 | ||
| 008 | 091113t xxu||||| |||| 00| 0 eng d | ||
| 010 | _aENG-95433 | ||
| 020 |
_a9788190666817 _c225.00 |
||
| 035 | _aEN-78966 | ||
| 037 | _bDBAD/PUB | ||
| 040 | _aDPL | ||
| 100 | _aRao, Vijaya | ||
| 245 |
_aEcriture Indienne D'Expression francaise _cby Vijaya Rao |
||
| 260 |
_aNew Delhi _bYoda Press _c2008 |
||
| 270 |
_a35-A/1, Shahpur Jat _bNew Delhi _e110049 |
||
| 300 |
_a235p _c22 cm.(Pbk) |
||
| 856 | _uhttp://www.loc.gov/catdir/toc/ecip0721/2007025342.html | ||
| 942 |
_2ddc _cEN _mRAO |
||
| 999 |
_c31758 _d31758 |
||